000 004180000a22001690004500
041 0 _aSPA
082 0 4 _aG 253.4 L9115g
100 1 _aLovett, C. S. (1917-)
245 1 0 _aAhora es fácil ganar almas / C. S. Lovett
260 _aCA., USA : [S:N]
300 _a78 Pag
001 6374
942 _cBK
999 _c36646
_d36646
336 _atexto
_btxt
_2rdacontent
337 _2rdamedia
_asin mediación
_bn
338 _2rdacarrier
_avolumen
_bnc